| 000 | 00754nam a22001815i 4500 | ||
|---|---|---|---|
| 001 | 167409 | ||
| 003 | ES-MaACL | ||
| 005 | 20250930063148.0 | ||
| 008 | 960320s1884 sp |||| | spa d | ||
| 040 |
_aCLM _bspa _cCCPB | SIC |
||
| 100 | 1 |
_aVico y Bravo, Juan de Dios, _d1845-1908 _9133674 |
|
| 245 | 1 | 0 |
_aDiscurso leido en la solemne inauguración del año academico de 1884 a 1885 en la universidad literaria de Granada / _cJuan de Dios Vico y Brabo. |
| 260 |
_aGranada : _b[s.n.], _c1884 ( _fImp. de Ventura Sabatel) |
||
| 300 |
_a59 p. ; _c31 cm. |
||
| 710 | 2 |
_aUniversidad Literaria de Granada. _9153703 |
|
| 852 |
_aES-MaACL _jT-391-F-8 _z-- Enc. hol., falto de la enc. original _z-- Enc. en un vol. facticio |
||
| 999 |
_c167409 _d167409 |
||